[Event "Politiken Cup 2012"]
[Site "Helsingor DEN"]
[Date "2012.08.05"]
[Round "10.88"]
[White "Undheim,B"]
[Black "Mortensen,Hen"]
[Result "1-0"]
[WhiteElo "1817"]
[BlackElo "2018"]

1.e4 c5 2.Nf3 Nc6 3.Bb5 g6 4.O-O Bg7 5.d3 e5 6.Bxc6 dxc6 7.Be3 b6 8.Nbd2 f6
9.Ne1 Nh6 10.h3 O-O 11.Nc4 Be6 12.Qd2 Nf7 13.Rd1 Qd7 14.Qe2 f5 15.exf5 gxf5
16.b3 Rae8 17.Nf3 f4 18.Bc1 Bxh3 19.gxh3 Qxh3 20.Nh2 Re6 21.f3 Rg6+ 22.Kh1 Nh6
23.Rg1 Rg3 24.Nxe5 Qf5 25.Rxg3 fxg3 26.Bxh6 Bxh6 27.Nhg4 Bf4 28.Nxc6 Kh8
29.Qe4 h5 30.Ne7 Qxe4 31.dxe4 Rf7 32.Ng6+ Kg7 33.N4e5 Rf6 34.Rd7+ Kh6 35.Nxf4 Rxf4
36.Kg2 h4 37.Rf7 Rxf7  1-0

[Event "Politiken Cup 2012"]
[Site "Helsingor DEN"]
[Date "2012.08.05"]
[Round "10.19"]
[White "Larsen,Ka"]
[Black "Hagen,Ande"]
[Result "1-0"]
[WhiteElo "2331"]
[BlackElo "2130"]

1.e4 c5 2.Nf3 Nc6 3.Bb5 Nf6 4.Bxc6 dxc6 5.d3 Qc7 6.Nbd2 e5 7.Nc4 Bd6 8.Bg5 Nd7
9.Nh4 Nb6 10.Nxd6+ Qxd6 11.b3 Be6 12.f4 exf4 13.O-O O-O 14.Bxf4 Qd4+ 15.Kh1 f5
16.Nf3 Qd7 17.Nd2 Rae8 18.Be3 Qe7 19.Qh5 Nd7 20.Rae1 fxe4 21.Bg5 Qd6 22.Nxe4 Qd4
23.Rxf8+ Rxf8 24.Be7 Bf7 25.Bxc5 Qb2 26.Qg5 h6 27.Qc1 Qxc1 28.Rxc1 Nxc5 29.Nxc5 b6
30.Na4 Bg6 31.Kg1 b5 32.Nc3 b4 33.Ne2 Re8 34.Kf2 Re5 35.Nd4 c5 36.Nf3 Re6
37.a4 bxa3 38.Ra1 Ra6 39.Ra2 Bh5 40.Nd2 g5 41.Ne4 Kg7 42.Nxc5 Rf6+ 43.Ke1  1-0

[Event "Olomouc Summer Open"]
[Site "Olomouc CZE"]
[Date "2012.08.05"]
[Round "4.9"]
[White "Nikolaev,L"]
[Black "Kubik,M"]
[Result "1-0"]
[WhiteElo "2271"]
[BlackElo "2134"]

1.e4 c5 2.Nf3 Nc6 3.Bb5 g6 4.O-O Bg7 5.c3 e5 6.d4 exd4 7.e5 Qb6 8.Na3 d5
9.exd6 Be6 10.cxd4 cxd4 11.Bf4 Rd8 12.Re1 Kf8 13.Rxe6 fxe6 14.Ng5 Nf6 15.Nxe6+ Kf7
16.Qb3  1-0

[Event "Tabor Open 2012"]
[Site "Tabor CZE"]
[Date "2012.08.05"]
[Round "9.10"]
[White "Ruzicka,A"]
[Black "Wilke,W"]
[Result "0-1"]
[WhiteElo "2080"]
[BlackElo "2213"]

1.e4 c5 2.Nf3 Nc6 3.Bb5 d6 4.Bxc6+ bxc6 5.O-O e5 6.d3 Be7 7.c4 f5 8.exf5 Bxf5
9.Nc3 Nf6 10.Bg5 O-O 11.Ne1 Rb8 12.b3 Qe8 13.Bxf6 Bxf6 14.Ne4 Be7 15.Ng3 Bd7
16.Qe2 Rf4 17.Nc2 Bg4 18.f3 Bd7 19.Ne3 Qg6 20.Rad1 Rbf8 21.a3 a5 22.Rb1 h5
23.b4 axb4 24.axb4 h4 25.Ne4 cxb4 26.Rxb4 d5 27.Rb7 dxe4 28.Rxd7 exf3 29.Qb2 Bc5  0-1

[Event "FSGM August 2012"]
[Site "Budapest HUN"]
[Date "2012.08.06"]
[Round "3.3"]
[White "Liu Dede"]
[Black "Akshayraj,K"]
[Result "1/2-1/2"]
[WhiteElo "2375"]
[BlackElo "2483"]

1.e4 c5 2.Nf3 Nc6 3.Bb5 g6 4.O-O Bg7 5.Re1 e5 6.Bxc6 dxc6 7.b3 Nf6 8.Bb2 Nd7
9.d3 Qe7 10.Nbd2 O-O 11.Nc4 Rd8 12.a4 b6 13.Qe2 f6 14.c3 Nf8 15.d4 Ne6 16.dxc5 Nxc5
17.Ba3 Bf8 18.Bxc5 Qxc5 19.b4 Qe7 20.b5 Bb7 21.bxc6 Bxc6 22.Ncxe5 Bb7 23.Nc4 Rac8
24.Nd4 Qf7 25.Ne3 Rxc3 26.Rad1 Bxe4 27.Ng4 Bd5 28.Ne6 Re8 29.Rxd5 Rxe6 30.Qd1 Rxe1+
31.Qxe1 Rc6 32.Qd2 Qc7 33.g3 Rd6 34.Qf4 Qe7 35.h4 Kg7 36.Ne3 Rxd5 37.Nxd5 Qe5
38.Qf3 Bc5 39.Nf4 Qe1+ 40.Kg2 f5 41.Ne2 Qb4 42.Nc3 Qd4 43.Kf1 Qc4+ 44.Kg1 Qg4
45.Qd3 Qd4 46.Qxd4+ Bxd4 47.Nb5 Bc5 48.Nxa7 Kf6 49.Kf1 Ke5 50.Ke2 Kd5 51.h5 gxh5
52.Kf3 Bd6 53.Nc8 Bc7 54.Ne7+ Ke6 55.Nc6 Bd6 56.Na7 h6 57.Nb5 Be5 58.Na7 Bd4
59.Nc6 Bc5 60.a5 Kd5 61.axb6 Kxc6 62.Kf4 Bxf2 63.Kxf5 Bxb6 64.Kg6 Be3 65.Kxh5 Kd5
66.Kh4 Ke4 67.Kh3 Kf3 68.Kh2  1/2-1/2

[Event "21st Metro GM"]
[Site "Los Angeles USA"]
[Date "2012.08.06"]
[Round "6"]
[White "Matikozian,A"]
[Black "Khachiyan,M"]
[Result "1/2-1/2"]
[WhiteElo "2400"]
[BlackElo "2478"]

1.e4 c5 2.Nf3 Nc6 3.Bb5 g6 4.O-O Bg7 5.c3 a6 6.Ba4 b5 7.Bc2 e5 8.a4 Rb8 9.d3 d6
10.Re1 Nf6 11.Bb3 Na5 12.Bc2 Nc6 13.Nbd2 O-O 14.h3 h6 15.Bb3 Na5 16.Bc2 Nc6
17.Nf1 Kh7 18.Bb3 Na5 19.Bc2 Nc6 20.Bb3  1/2-1/2

[Event "Miguel Najdorf Open A"]
[Site "Warsaw POL"]
[Date "2012.08.06"]
[Round "1.4"]
[White "Warakomski,T"]
[Black "Solnicki,M"]
[Result "1-0"]
[WhiteElo "2491"]
[BlackElo "2141"]

1.e4 c5 2.Nf3 Nc6 3.Bb5 Nd4 4.Nxd4 cxd4 5.c3 a6 6.Qa4 Qb6 7.Be2 dxc3 8.Nxc3 e6
9.d4 Ne7 10.O-O f5 11.d5 exd5 12.Be3 Qc6 13.Bh5+ g6 14.Qd4 Rg8 15.exd5 Bg7
16.dxc6 Bxd4 17.Bxd4 gxh5 18.Rfe1 Kf7 19.c7 Rg6 20.Na4 Nd5 21.Re5 b5 22.Rxf5+ Ke6
23.Re5+ Kd6 24.Nc5 Nf4 25.Rc1 Ne6 26.Ne4+ Ke7 27.Bc5+ Kf7 28.Rxh5 Rxg2+ 29.Kxg2 Nf4+
30.Kf3 Nxh5 31.Nd6+ Ke6 32.Re1+ Kd5 33.Re8 Kxc5 34.Nxc8 Nf6 35.Rd8  1-0

[Event "Euro Chess Tournament GpA 2012"]
[Site "Borne NED"]
[Date "2012.08.07"]
[Round "2"]
[White "Tan,Jo NED"]
[Black "Gerlagh,Joris"]
[Result "1-0"]
[WhiteElo "2196"]
[BlackElo "1930"]

1.e4 c5 2.Nf3 Nc6 3.Bb5 e6 4.O-O Nf6 5.Re1 Be7 6.Nc3 O-O 7.e5 Nd5 8.Nxd5 exd5
9.d4 c4 10.c3 d6 11.h3 dxe5 12.dxe5 Be6 13.Ba4 Qb6 14.Be3 Bc5 15.Bxc5 Qxc5
16.Bc2 Qe7 17.Nd4 Nxd4 18.Qxd4 b6 19.Rad1 Rad8 20.Re3 g6 21.Qf4 f5 22.exf6 Qxf6
23.Qxf6 Rxf6 24.Be4 Kg7 25.Bf3 Rdf8 26.Kh2 Rd8 27.Kg3 h5 28.Re5 Bg8 29.h4 Rf5
30.Rxf5 gxf5 31.Bxh5 Kf6 32.Kf4 Be6 33.f3 Ke7 34.Kg5 Kd6 35.Bg6 Rg8 36.h5 b5
37.Rd2 a5 38.Rf2 b4 39.g4 f4 40.Kxf4 Rf8+ 41.Kg5 a4 42.a3  1-0

[Event "10th EU U14 2012"]
[Site "Mureck AUT"]
[Date "2012.08.07"]
[Round "7.12"]
[White "Ciungan,Diana-Alexandra"]
[Black "Lagunow,Raphael"]
[Result "1/2-1/2"]
[WhiteElo "1755"]
[BlackElo "1878"]

1.e4 c5 2.Nf3 Nc6 3.Bb5 g6 4.Bxc6 dxc6 5.O-O Bg7 6.h3 e5 7.d3 f6 8.Nc3 Nh6
9.Be3 Qe7 10.Qd2 Nf7 11.Qe2 Be6 12.a3 O-O 13.Nh2 Rad8 14.Rad1 b6 15.f4 f5
16.Bd2 Bc8 17.Rde1 exf4 18.Rxf4 g5 19.Rff1 f4 20.Nd1 Qd6 21.Bc3 Be5 22.Qh5 Qg6
23.Qxg6+ hxg6 24.Nf3 Bxc3 25.Nxc3 g4 26.hxg4 Bxg4 27.Nh2 Ne5 28.Nxg4 Nxg4
29.Re2 g5 30.Nd1 Ne5 31.Kf2 Rd6 32.Ke1 Rfd8 33.b3 b5 34.Nb2 Kg7 35.Rg1 Kf6
36.Rh1 Kg6 37.Kf2 g4 38.Ree1 Kg5 39.Ke2 c4 40.bxc4 bxc4 41.Rd1 cxd3+ 42.cxd3 g3
43.Rh7 R8d7 44.Rdh1 Rxh7 45.Rxh7 Rd7 46.Rxd7 Nxd7 47.Nc4 c5 48.Kf3 Nf8 49.Ne5 Ne6
50.Nc6 a6 51.a4 a5 52.Ke2 Kg4 53.Ne5+ Kg5 54.Nf7+ Kf6 55.Nd6 Nd4+ 56.Kf1 Kg5
57.Nc4 Nc6  1/2-1/2

[Event "10th EU U14 2012"]
[Site "Mureck AUT"]
[Date "2012.08.07"]
[Round "7.2"]
[White "Petr,Ja2"]
[Black "Haavamae,Henrik"]
[Result "0-1"]
[WhiteElo "2001"]
[BlackElo "1950"]

1.e4 c5 2.Nf3 Nc6 3.Bb5 g6 4.Bxc6 bxc6 5.O-O Bg7 6.Re1 d5 7.e5 Nh6 8.d3 O-O
9.h3 Nf5 10.b3 f6 11.Bb2 d4 12.Nbd2 fxe5 13.Nxe5 Ne3 14.fxe3 Bxe5 15.Nc4 Bb8
16.Rf1 Rxf1+ 17.Qxf1 Qc7 18.Qf3 Be6 19.Rf1 Qh2+ 20.Kf2 Bg3+ 21.Ke2 Bxh3 22.exd4 Bg4
23.Qxg4 Qxg2+ 24.Ke3 Bf2+ 25.Kf4 Rf8+ 26.Kg5 Rf5+  0-1

[Event "113th US Open 2012"]
[Site "Vancouver USA"]
[Date "2012.08.07"]
[Round "4"]
[White "Kleist,F"]
[Black "Strenzwilk,D"]
[Result "0-1"]
[WhiteElo "2075"]
[BlackElo "1968"]

1.e4 c5 2.Nf3 Nc6 3.Bb5 e6 4.b3 Nge7 5.Bb2 a6 6.Bxc6 Nxc6 7.O-O d6 8.d4 cxd4
9.Nxd4 Bd7 10.c4 Nxd4 11.Qxd4 Bc6 12.Rd1 Qg5 13.f3 Qc5 14.Qxc5 dxc5 15.Na3 f6
16.Rd3 Be7 17.Rad1 Kf7 18.Bc1 Rhd8 19.Rxd8 Rxd8 20.Rxd8 Bxd8 21.Be3 Be7 22.Kf1 Bd6
23.h3 g6 24.Ke2 f5 25.exf5 gxf5 26.Nc2 h5 27.Ne1 b6 28.Nd3 e5 29.g4 hxg4
30.fxg4 f4 31.Bd2 Kg6 32.h4 Bg2 33.Kf2 Be4 34.Ke2 Kf6 35.Bc3 Ke6 36.Bd2 f3+
37.Ke3 Bxd3 38.Kxd3 e4+ 39.Ke3 Bf4+  0-1

[Event "CEG vs Legends 2012"]
[Site "Geneve SUI"]
[Date "2012.08.08"]
[Round "7"]
[White "Domont,A"]
[Black "Hort,V"]
[Result "1/2-1/2"]
[WhiteElo "2361"]
[BlackElo "2475"]

1.e4 c5 2.Nf3 Nc6 3.Bb5 g6 4.Nc3 Bg7 5.O-O d6 6.e5 dxe5 7.Bxc6+ bxc6 8.Re1 Qc7
9.h3 Nh6 10.Ne4 f5 11.Nxc5 Nf7 12.d4 e4 13.Ng5 Nxg5 14.Bxg5 h6 15.Be3 O-O
16.f4 Rb8 17.Qc1 Kh7 18.Rf1 Bf6 19.c3 Rg8 20.a4 Qd6 21.b3 Be6 22.Qd1 Rg7
23.Ra2 Rbg8 24.g3 g5 25.Rg2 Bd7 26.Qd2 Rg6 27.Rff2 e6 28.g4 Bc8 29.h4 gxh4
30.g5 Bd8 31.Kf1 R8g7 32.Rg1 Kg8 33.Rh2 hxg5 34.fxg5 Rh7 35.Bf4 Qe7 36.Qf2 Bc7
37.Bxc7 Qxc7 38.Rxh4 Rxh4 39.Qxh4 Qh7 40.Qxh7+ Kxh7 41.Kf2 Rg7 42.Rh1+ Kg6
43.Rh8 Rc7 44.Rg8+ Kf7 45.Rd8 Kg6 46.Rg8+ Kf7 47.Rd8 Kg6 48.Ke3 Kxg5 49.Rf8 Kg6
50.Kf4 Kg7 51.Rd8 Kf6 52.a5 Ke7 53.Rh8 Kd6 54.Rd8+ Ke7 55.Rh8 Kd6  1/2-1/2

[Event "16th HZ Open"]
[Site "Vlissingen NED"]
[Date "2012.08.08"]
[Round "6"]
[White "Peeters,Bar"]
[Black "Afek,Y"]
[Result "0-1"]
[WhiteElo "1932"]
[BlackElo "2301"]

1.e4 c5 2.Nf3 Nc6 3.Bb5 g6 4.Bxc6 bxc6 5.O-O Bg7 6.Re1 Nf6 7.e5 Nd5 8.c4 Nc7
9.d4 cxd4 10.Qxd4 d6 11.Nc3 dxe5 12.Qxd8+ Kxd8 13.Nxe5 Bxe5 14.Rxe5 Ne6 15.Be3 Kc7
16.Ne4 f6 17.Ra5 Rd8 18.Rxa7+ Rxa7 19.Bxa7 f5 20.Nc5 Rd2 21.Na4 Re2 22.b3 Nf4
23.Be3 Nd3 24.a3 f4 25.Bb6+ Kb7 26.f3 Bf5 27.Bd8 e5 28.g4 fxg3 29.hxg3 Bh3
30.Bb6 Rg2+ 31.Kh1 Rxg3 32.Nc5+ Kxb6 33.Nxd3 e4 34.c5+ Kc7 35.Nf2 Rxf3 36.Nxe4 Rxb3
37.a4 Bf5 38.Nf6 h6 39.a5 Rb1+  0-1

[Event "38th Badalona Open A"]
[Site "Badalona ESP"]
[Date "2012.08.09"]
[Round "9.6"]
[White "Barrientos,S"]
[Black "Vigoa Apecheche,Yan"]
[Result "0-1"]
[WhiteElo "2500"]
[BlackElo "2243"]

1.e4 c5 2.Nf3 Nc6 3.Bb5 g6 4.Bxc6 dxc6 5.d3 Bg7 6.h3 Nf6 7.Nc3 Nd7 8.Be3 e5
9.Nd2 Qe7 10.O-O O-O 11.f4 exf4 12.Bxf4 Ne5 13.Nf3 Nxf3+ 14.Qxf3 c4 15.Qg3 Rd8
16.Kh1 cxd3 17.cxd3 Be6 18.Rad1 Qb4 19.e5 Qxb2 20.Ne4 Bd5 21.Nd6 Rd7 22.Rf2 Qd4
23.Re1 Be6 24.Re4 Qa1+ 25.Kh2 a5 26.Bg5 Qc3 27.Re3 Bxe5 28.Rxe5 Rxd6 29.Re3 Rd5
30.Bf6 Qc5 31.Re4 Qd6 32.Rff4 Bf5 33.Be7 Qc7 34.Re3 Re8 35.Qh4 Be6 36.Bg5 Bd7
37.Bh6 Qd6 38.Rg3 Bf5 39.Bg5 Re6 40.Rff3 f6 41.Bf4 Qb4 42.a3 Qe7 43.Bc1 Re1
44.Bb2 Re6 45.Qh6 Qg7 46.Qf4 Qd7 47.Qb8+ Re8 48.Qa7 Kf7 49.Qb6 Rb5 50.Qf2 Qd6
51.Ba1 Qxa3 52.Qd4 Re6 53.Rf1 Rd5 54.Qh4 Kg7 55.Rgf3 Qb4 56.g4 Bxd3 57.Bxf6+ Kg8
58.Qh6 Qd6+ 59.Kh1 Rxf6 60.Rxf6 Be4+ 61.R6f3 Rd1  0-1

[Event "2nd Riga Tech Open"]
[Site "Riga LAT"]
[Date "2012.08.09"]
[Round "5.9"]
[White "Rogule,L"]
[Black "Kanep,M"]
[Result "0-1"]
[WhiteElo "2315"]
[BlackElo "2505"]

1.e4 c5 2.Nf3 Nc6 3.Bb5 g6 4.O-O Bg7 5.Bxc6 bxc6 6.Re1 Nh6 7.c3 O-O 8.d4 Qb6
9.h3 d6 10.Qc2 Rb8 11.b3 cxd4 12.cxd4 f6 13.Nc3 Nf7 14.Be3 Bd7 15.Rac1 Qb7
16.Qd2 Rbe8 17.Red1 Rd8 18.Qe2 Kh8 19.Nd2 f5 20.Nf3 fxe4 21.Nxe4 Rde8 22.Qd2 Be6
23.Nc3 Nd8 24.Ne1 Nf7 25.Nd3 Bd7 26.Nf4 Qa6 27.Re1 Qa5 28.Re2 Bc8 29.Ne4 Qb5
30.Ree1 Bf5 31.Nc3 Qa6 32.Na4 Qb7 33.Nc3 Rd8 34.Qe2 e5 35.dxe5 dxe5 36.Bc5 exf4
37.Bxf8 Rxf8 38.Na4 Ne5 39.Nc5 Qe7 40.f3 Qg5 41.Qf2 Bxh3 42.Ne4 Qh5 43.gxh3 Nxf3+
44.Kg2 Nxe1+ 45.Rxe1 f3+ 46.Kh2 Be5+ 47.Ng3 Qg5 48.Rg1 Qf4 49.Rd1 h5  0-1

[Event "Euro Chess Tournament GpA 2012"]
[Site "Borne NED"]
[Date "2012.08.10"]
[Round "8"]
[White "Lensink,Daan"]
[Black "Gerlagh,Joris"]
[Result "0-1"]
[WhiteElo "1715"]
[BlackElo "1930"]

1.e4 c5 2.Nf3 Nc6 3.Bb5 e6 4.O-O Nf6 5.Re1 Be7 6.c3 O-O 7.Na3 d5 8.e5 Nd7
9.Nc2 Qb6 10.Bf1 f6 11.exf6 Nxf6 12.d4 c4 13.Ng5 Nd8 14.f4 Nf7 15.Nf3 Nd6
16.g3 Nfe4 17.Bg2 Bf6 18.Ne3 Bd7 19.Nd2 Nxd2 20.Qxd2 Bc6 21.Ng4 Rae8 22.Nf2 h6
23.Qc2 Nf5 24.Kh1 Qc7 25.Bh3 Qf7 26.Bd2 Nd6 27.Re2 e5 28.fxe5 Bxe5 29.Rxe5 Rxe5
30.Bf4 Ree8 31.Rf1 Ne4 32.Ng4 Qh5 33.Qg2 g5 34.Be5 Rxf1+ 35.Qxf1 Rf8 36.Qg2 Qg6
37.Kg1 h5 38.Nf6+ Rxf6  0-1

[Event "XIII Miquel Mas Open"]
[Site "Figueres ESP"]
[Date "2012.08.11"]
[Round "3.2"]
[White "Das,Arg"]
[Black "Dourerassou,J"]
[Result "1/2-1/2"]
[WhiteElo "2479"]
[BlackElo "2460"]

1.e4 c5 2.Nf3 Nc6 3.Bb5 Nf6 4.Nc3 Qc7 5.d3 Nd4 6.Ba4 a6 7.Nxd4 cxd4 8.Ne2 Qa5+
9.c3 dxc3 10.Nxc3 g6 11.O-O Bg7 12.d4 O-O 13.e5 Nd5 14.Nxd5 Qxd5 15.Bb3 Qb5
16.Bg5 e6 17.Rc1 a5 18.Qd2 d5 19.exd6 a4 20.Bc4 Qb6 21.Be7 Bd7 22.Bxf8 Rxf8
23.Rfd1 Qxd6 24.d5 e5 25.Qe2 h5 26.h3 e4 27.Bb5 Bf5 28.Bxa4 Ra8 29.b3 Bh6
30.Rc4 e3 31.fxe3 Qg3 32.Qf3 Bxe3+ 33.Kh1 Qxf3 34.gxf3 b5 35.Bxb5 Rxa2 36.Ra4 Rf2
37.Bf1 Bc2 38.Re1 Bd2 39.Re8+ Kg7 40.Bg2 Bxb3 41.Ra3 Bxd5 42.Kg1 Bb4 43.Rd3 Bc6
44.Kxf2 Bxe8 45.Bf1 Bc5+ 46.Kg2 Be7 47.Rc3 Bd6 48.Rc8 Ba4 49.Bc4 f6 50.Bd3 Be5
51.Ra8 Bb3 52.Ra6 Bd5 53.Ra5 Be6 54.Ra4 Bd5 55.Be4 Bb3 56.Rb4 Bg8 57.Rb5 Kh6
58.h4 g5 59.Rb6 gxh4 60.f4 Bd4 61.Rd6 Bc3 62.Rc6 Bd4 63.Rd6 Bb2 64.Bf5 Kg7
65.Rd7+ Kf8 66.Kh3 Bc1 67.Rd8+ Kg7 68.Rd7+ Kh6 69.Rd4  1/2-1/2

[Event "Stare Mesto Open 2012"]
[Site "Stare Mesto CZE"]
[Date "2012.08.11"]
[Round "2.9"]
[White "Bacak Ml.,P"]
[Black "Certek,P"]
[Result "1/2-1/2"]
[WhiteElo "2004"]
[BlackElo "2321"]

1.e4 c5 2.Nf3 Nc6 3.Bb5 g6 4.Bxc6 bxc6 5.O-O d6 6.Re1 e5 7.c3 f6 8.d4 cxd4
9.cxd4 Nh6 10.Nc3 Nf7 11.d5 c5 12.Nd2 Be7 13.Nc4 O-O 14.Rb1 Rb8 15.Bd2 Bd7
16.Ne2 Bb5 17.Qc2 Qd7 18.b3 Bd8 19.Bc3 Bc7 20.Nc1 Rb7 21.Nd3 Rfb8 22.Bd2 Qd8
23.Na3 Ba6 24.Qc3 Bb6 25.Nb2 f5 26.Nbc4 f4 27.Na5 Bxa5 28.Qxa5 Qxa5 29.Bxa5 Kf8
30.f3 Ke7 31.Kf2 Rg8 32.Rec1 Bd3 33.Rb2 Rgb8 34.Ke1 g5 35.Kd2 Bb5 36.Rcb1 Ba6
37.Bc3 h5 38.Nc4 Bxc4 39.bxc4 Rxb2+ 40.Rxb2 Rxb2+ 41.Bxb2 g4 42.Ke2 gxf3+
43.gxf3 h4 44.Bc3 h3 45.Be1 Kd7 46.Bh4 Kc7 47.Kd3 Nh8 48.Kc2 Ng6 49.Be1 Kb6
50.Kb3 Ka6 51.Bf2 Kb6 52.Be1 Kb7 53.Bf2 Kb6 54.Be1  1/2-1/2

[Event "XIII Miquel Mas Open"]
[Site "Figueres ESP"]
[Date "2012.08.12"]
[Round "4.7"]
[White "Simacek,P"]
[Black "Roy Chowdhury,S"]
[Result "1/2-1/2"]
[WhiteElo "2478"]
[BlackElo "2391"]

1.e4 c5 2.Nf3 Nc6 3.Bb5 e6 4.O-O Nge7 5.Nc3 a6 6.Bxc6 Nxc6 7.d4 cxd4 8.Nxd4 d6
9.Nxc6 bxc6 10.Na4 Be7 11.c4 O-O 12.c5 d5 13.e5 Rb8 14.Qd4 a5 15.Bd2 Ba6
16.Rfc1  1/2-1/2

[Event "2nd Split Open 2012"]
[Site "Split CRO"]
[Date "2012.08.13"]
[Round "3.32"]
[White "Bodrozic,T"]
[Black "Sevelj,B"]
[Result "1-0"]
[WhiteElo "2205"]
[BlackElo "2013"]

1.e4 c5 2.Nf3 Nc6 3.Bb5 e6 4.Bxc6 bxc6 5.d3 Nf6 6.O-O Be7 7.Qe2 O-O 8.c4 a5
9.Nc3 d5 10.e5 Nd7 11.Re1 Ba6 12.b3 Qb8 13.Ba3 Re8 14.Na4 Qa7 15.Qe3 Rac8
16.Rad1 Rc7 17.h4 Bb7 18.Kh1 Ba6 19.g3 Rb7 20.Rc1 Rc7 21.Kg2 Bb7 22.Ng5 h6
23.Nf3 Ba8 24.Rh1 Rcc8 25.g4 d4 26.Qe4 Qc7 27.Rce1 Qd8 28.Bc1 Rf8 29.Rh3 Qc7
30.Rg3 Rce8 31.Bf4 Qd8 32.Rh1 Kh8 33.h5 Bg5 34.Bxg5 hxg5 35.h6 g6 36.Qe2 f6
37.Re1 f5 38.gxf5 Rxf5 39.Qd2 Ref8 40.Nxg5 Rxf2+ 41.Qxf2 Rxf2+ 42.Kxf2 Qe7
43.Kg2 Bb7 44.Rg4 Bc8 45.Nb2 Ba6 46.Nd1 Nb6 47.Rf1 Nd7 48.Rf7 Qe8 49.Rh7+ Kg8
50.Rg7+ Kh8 51.Nf7+ Qxf7 52.Rxf7 Nxe5 53.Rgf4 Nxd3 54.Rf1 e5 55.Ra7 Nf4+
56.Rxf4 exf4 57.Nf2 Bc8 58.Ra8 Kh7 59.Rxc8 Kxh6 60.Rxc6 a4 61.Rxc5 g5 62.Kf3 Kh5
63.Ng4 d3 64.Rc6  1-0

[Event "Stare Mesto Open 2012"]
[Site "Stare Mesto CZE"]
[Date "2012.08.13"]
[Round "5.16"]
[White "Shanel,J"]
[Black "Simonik,Adam"]
[Result "1-0"]
[WhiteElo "2191"]
[BlackElo "1865"]

1.e4 c5 2.Nf3 Nc6 3.Bb5 g6 4.O-O Bg7 5.Nc3 a6 6.Bxc6 bxc6 7.Re1 Nf6 8.d4 cxd4
9.Qxd4 d6 10.Bg5 O-O 11.Qd2 Ng4 12.h3 Ne5 13.Nxe5 Bxe5 14.Rad1 Qc7 15.Na4 Rb8
16.c4 c5 17.Bh6 Rd8 18.Be3 Qb7 19.Bxc5 Qc6 20.b3 Bd7 21.Bd4 Qc7 22.Nc3 Bxd4
23.Qxd4 Be6 24.f4 Rdc8 25.Kh1 Qc5 26.Qd3 Qh5 27.Qe3 Rc7 28.Qg3 Kh8 29.e5 dxe5
30.Rxe5 Qh6 31.f5  1-0

[Event "28th Geraardsbergen Open"]
[Site "Geraardsbergen BEL"]
[Date "2012.08.14"]
[Round "8.25"]
[White "Lot,Diederik"]
[Black "Sterck,Arno"]
[Result "1/2-1/2"]
[WhiteElo "1925"]
[BlackElo "1808"]

1.e4 c5 2.Nf3 Nc6 3.Bb5 g6 4.O-O Bg7 5.Re1 a6 6.Bxc6 bxc6 7.d4 cxd4 8.Nxd4 c5
9.Nb3 d6 10.c3 Bd7 11.N1d2 a5 12.Nf3 a4 13.Nbd2 Nh6 14.e5 d5 15.c4 e6 16.cxd5 exd5
17.Nf1 Nf5 18.Qxd5 Rc8 19.Bg5 Qc7 20.e6 fxe6 21.Rxe6+ Bxe6 22.Qxe6+ Kf8 23.Rd1 Re8
24.Qc4 Bxb2 25.Bf4 Qe7 26.Ng3 Kg7 27.Qc2 Bf6 28.Nxf5+ gxf5 29.Qxf5 Qe6 30.Qh5 Rhg8  1/2-1/2

[Event "16th Izmailov Mem"]
[Site "Tomsk RUS"]
[Date "2012.08.14"]
[Round "8.13"]
[White "Kozlitin,R"]
[Black "Averchenko,Ekaterina"]
[Result "1-0"]
[WhiteElo "2341"]
[BlackElo "2121"]

1.e4 c5 2.Nf3 Nc6 3.Bb5 g6 4.Bxc6 dxc6 5.d3 Bg7 6.h3 Nf6 7.Nc3 O-O 8.Be3 b6
9.Qd2 e5 10.Bh6 Qe7 11.Bxg7 Kxg7 12.O-O-O a5 13.Nh2 b5 14.Ng4 Nh5 15.Ne2 a4
16.Qh6+ Kg8 17.Ne3 Qf6 18.Ng4 Qe6 19.Kb1 a3 20.b3 c4 21.f4 exf4 22.Nxf4 Nxf4
23.Qxf4 Qe7 24.Nf6+ Kg7 25.e5 cxb3 26.cxb3 Ra7 27.g4 h6 28.h4 c5 29.d4 cxd4
30.Rxd4 Be6 31.h5 g5 32.Qe4 Rh8 33.Rhd1 Raa8 34.Rd6 Rac8 35.Qd3 b4 36.Qe4 Rb8
37.Nd5 Bxd5 38.Qxd5 Rhe8 39.Rf1 Rbd8 40.Qd4 Kg8 41.Rd1 Rc8 42.e6 f6 43.Qxb4 Qh7+
44.Ka1 Qc2 45.Qxa3 Rxe6 46.Rd8+ Re8 47.R8d2 Qe4 48.Qb2 Re5 49.Qd4 Qc6 50.Qd3 Re4
51.Kb1 Qe6 52.Rg2 Rb8 53.Qd5 Qxd5 54.Rxd5 Rbb4 55.Rd7 Rxg4 56.Rxg4 Rxg4 57.a4 Rb4
58.Kc2 g4 59.a5 Rb8 60.Kc3 f5 61.Rd1 Kf7 62.b4 Ke6 63.a6 g3 64.Ra1 f4 65.b5 g2
66.a7 Rc8+ 67.Kd3 Kd6 68.b6 Kc6 69.Rc1+ Kxb6 70.Rxc8 g1=Q 71.a8=Q Qe3+ 72.Kc4 Qe2+
73.Kd5 Qxh5+ 74.Ke4 Qg6+ 75.Kxf4 Qf6+ 76.Ke3 Qg5+ 77.Kd4 Qf6+ 78.Kc4 Qf4+
79.Kb3 Qf7+ 80.Rc4  1-0

[Event "Husek Vienna Open A"]
[Site "Vienna AUT"]
[Date "2012.08.14"]
[Round "2"]
[White "Poecksteiner,J"]
[Black "Rau,H"]
[Result "0-1"]
[WhiteElo "2187"]
[BlackElo "2447"]

1.e4 c5 2.Nf3 Nc6 3.Bb5 Qc7 4.Nc3 e6 5.O-O Nge7 6.Re1 a6 7.Bxc6 Nxc6 8.e5 b6
9.b3 Bb7 10.Bb2 Be7 11.Ne4 O-O 12.d3 f6 13.exf6 gxf6 14.Qd2 d5 15.Qh6 e5
16.Ng3 Qd7 17.Nh4 Rf7 18.Ngf5 Bf8 19.Qh5 Ne7 20.Nxe7+ Rxe7 21.Nf5 Rf7 22.Re3 Bc8
23.Nh6+ Bxh6 24.Qxh6 d4 25.Rg3+ Kh8 26.Re1 Bb7 27.Bc1 Rg8 28.Qh4 Qf5 29.Bh6 Rg6
30.Bd2 Rfg7 31.Kf1 Kg8 32.Re2 h5 33.Rxg6 Rxg6 34.f3 Kf7 35.Qe1 Bxf3  0-1

[Event "2nd Metropolitan International"]
[Site "Los Angeles USA"]
[Date "2012.08.15"]
[Round "2"]
[White "Bojkov,D"]
[Black "Peters,Ja"]
[Result "1/2-1/2"]
[WhiteElo "2556"]
[BlackElo "2355"]

1.e4 c5 2.Nf3 Nc6 3.Bb5 g6 4.Bxc6 dxc6 5.d3 Bg7 6.h3 Nf6 7.Nc3 e5 8.Be3 Qe7
9.Qd2 h6 10.O-O g5 11.a3 g4 12.hxg4 Bxg4 13.Nh2 Be6 14.Na4 b6 15.Qc3 Nh5
16.b4 Rg8 17.Qd2 c4 18.dxc4 Bxc4 19.Rfd1 Nf4 20.Nb2 Be2 21.Re1 Rd8 22.Qc3 Qe6
23.Nf1 Nxg2 24.Kxg2 Qg4+ 25.Ng3 Bf3+ 26.Kh2 Qh4+ 27.Kg1 Bf6 28.Bg5 Bxg5 29.Qxf3 Bf4
30.Re3 Rd2 31.Nc4 Rd4 32.Rc3 Bxg3 33.fxg3 Rxc4 34.Rf1 f5 35.Qxf5 Rxg3+ 36.Rxg3 Qxg3+
37.Kh1 Qh4+ 38.Kg1 Qg5+ 39.Qxg5 hxg5 40.Rf5 Rxe4 41.Rxg5 Kf7 42.Rh5 Ke6 43.Rh7 a5
44.Rb7 axb4 45.Rxb6 Kd5 46.axb4 Rc4 47.Kf2 Kd4 48.Ke2 Rxc2+ 49.Kd1 Rc4 50.b5 c5
51.Rd6+ Ke3 52.b6 Rb4 53.Kc2 e4 54.Rh6 Kf2 55.Rh2+ Kg3 56.Rh6 Kf2 57.Rh2+ Kg3  1/2-1/2

[Event "2nd Split Open 2012"]
[Site "Split CRO"]
[Date "2012.08.15"]
[Round "5.15"]
[White "Galic,I2"]
[Black "Karabaic,I"]
[Result "1-0"]
[WhiteElo "2364"]
[BlackElo "2148"]

1.e4 c5 2.Nf3 Nc6 3.Bb5 d6 4.c3 Bd7 5.d4 cxd4 6.cxd4 Nf6 7.Nc3 a6 8.Be2 Bg4
9.O-O Bxf3 10.Bxf3 e5 11.Be3 Be7 12.dxe5 dxe5 13.Nd5 O-O 14.Bb6 Qd6 15.Rc1 Nxd5
16.exd5 Nd4 17.Bxd4 exd4 18.Qxd4 Rac8 19.g3 Bf6 20.Qd3 Rfd8 21.Qb3 Rc7 22.Kg2 g6
23.Rfd1 Rdc8 24.Rxc7 Rxc7 25.h4 h5 26.Rd2 Kg7 27.Qd1 Be5 28.Re2 Qf6 29.Qd2 Bd6
30.Be4 Re7 31.Qg5 Qd4 32.Bxg6 Rxe2 33.Bxh5+ Kf8 34.Bxe2 Bc5 35.Qf5 b6 36.Bh5  1-0

[Event "Husek Vienna Open A"]
[Site "Vienna AUT"]
[Date "2012.08.15"]
[Round "3"]
[White "Rudolf,An"]
[Black "Kovalev,An"]
[Result "1/2-1/2"]
[WhiteElo "2289"]
[BlackElo "2470"]

1.e4 c5 2.Nf3 Nc6 3.Bb5 Nf6 4.Bxc6 dxc6 5.d3 Qc7 6.h3 h6 7.Nbd2 Be6 8.b3 g5
9.Bb2 Rg8 10.Qe2 Bg7 11.O-O-O a5 12.Be5 Qb6 13.d4 a4 14.Nc4 Bxc4 15.Qxc4 axb3
16.axb3 Nxe4 17.dxc5 Nxc5 18.Bxg7 Rxg7 19.Qd4 f6 20.Rhe1 Rd8 21.Qc4 Rxd1+
22.Rxd1 e5  1/2-1/2

[Event "2nd Metropolitan International"]
[Site "Los Angeles USA"]
[Date "2012.08.16"]
[Round "4"]
[White "Bojkov,D"]
[Black "Young,G"]
[Result "1-0"]
[WhiteElo "2556"]
[BlackElo "2368"]

1.e4 c5 2.Nf3 Nc6 3.Bb5 g6 4.Bxc6 dxc6 5.d3 Bg7 6.h3 Nf6 7.Nc3 Nd7 8.Be3 e5
9.Qd2 Qe7 10.Bh6 f6 11.Bxg7 Qxg7 12.Nh2 Nf8 13.f4 exf4 14.Qxf4 Ne6 15.Qf2 O-O
16.O-O f5 17.exf5 Rxf5 18.Qe2 Nd4 19.Qe8+ Qf8 20.Qxf8+ Kxf8 21.Rac1 Rxf1+
22.Kxf1 Kg7 23.Ne4 b6 24.c3 Ba6 25.Nf2 Nf5 26.Re1 Rf8 27.Nf3 h5 28.Kg1 Bc8
29.Re4 Nd6 30.Re7+ Rf7 31.Re1 Rf8 32.Ne4 Nxe4 33.Rxe4 Bf5 34.Re7+ Rf7 35.Re3 Rd7
36.Ne5 Rd6 37.Kf2 Kf6 38.g4 hxg4 39.hxg4 Be6 40.b3 g5 41.Kg3 Bg8 42.Nf3 Re6
43.Re4 Rd6 44.Re3 Bh7 45.Ne1 Bg6 46.Kf2 Rd8 47.Rh3 Kg7 48.Ke2 a5 49.Re3 Kf6
50.Rf3+ Kg7 51.Re3 Kf6 52.Rf3+ Ke5 53.Rf2 Re8 54.Kd2 a4 55.Rf1 axb3 56.axb3 Rh8
57.Nf3+ Kf6 58.Nd4+ Ke7 59.Nxc6+ Ke8 60.Ne5 Rh2+ 61.Ke3 Bh7 62.Rf6 Rh3+ 63.Nf3 Kd7
64.Rf7+ Kd6 65.c4 Bg8 66.Rg7 Be6 67.Rxg5 Rg3 68.Kf4 Rg2 69.Rg6 Ke7 70.d4 Kf7
71.Ne5+ Ke7 72.d5  1-0

[Event "LBV Open A 2012"]
[Site "Roosendaal NED"]
[Date "2012.08.16"]
[Round "1.11"]
[White "Kasparov,S"]
[Black "Emelianova,M"]
[Result "1-0"]
[WhiteElo "2490"]
[BlackElo "2113"]

1.e4 c5 2.Nf3 Nc6 3.Bb5 g6 4.Bxc6 bxc6 5.O-O Bg7 6.Re1 Qb6 7.e5 Nh6 8.d3 O-O
9.Nbd2 Nf5 10.Nc4 Qc7 11.Bf4 Nd4 12.c3 Ne6 13.Bg3 Ba6 14.Qd2 Rfd8 15.Ne3 Bh6
16.Qc2 Nf4 17.Ng4 Bxd3 18.Nxh6+ Kg7 19.Qd2 Ne2+ 20.Kh1 c4 21.Ng4 h5 22.Qh6+ Kg8  1-0